UBT Library

NEHA professional food manager / (Record no. 44474)

000 -LEADER
fixed length control field 00860cam a22002777a 4500
001 - CONTROL NUMBER
control field 17569939
005 - DATE AND TIME OF LATEST TRANSACTION
control field 20180308072755.0
008 - FIXED-LENGTH DATA ELEMENTS--GENERAL INFORMATION
fixed length control field 121220s2013 njua 001 0 eng d
010 ## - LIBRARY OF CONGRESS CONTROL NUMBER
LC control number 2012275023
020 ## - INTERNATIONAL STANDARD BOOK NUMBER
International Standard Book Number 9781118380871 (alk. paper)
020 ## - INTERNATIONAL STANDARD BOOK NUMBER
International Standard Book Number 1118380878 (alk. paper)
035 ## - SYSTEM CONTROL NUMBER
System control number (OCoLC)ocn785870358
040 ## - CATALOGING SOURCE
Original cataloging agency BTCTA
Language of cataloging eng
Transcribing agency BTCTA
Modifying agency YDXCP
-- KSU
-- DLC
041 ## - LANGUAGE CODE
Language code of text/sound track or separate title eng
042 ## - AUTHENTICATION CODE
Authentication code lccopycat
080 ## - UNIVERSAL DECIMAL CLASSIFICATION NUMBER
Universal Decimal Classification number 338.190973 FDA
082 00 - DEWEY DECIMAL CLASSIFICATION NUMBER
Classification number 338.190973 FDA
Edition number 23
100 ## - Rafti
Rafti 10
101 ## - Shkurtesa
Shkurtesa MJE
245 00 - TITLE STATEMENT
Title NEHA professional food manager /
Statement of responsibility, etc National Environmental Health Association.
246 30 - VARYING FORM OF TITLE
Title proper/short title Professional food manager
740 0# - ADDED ENTRY--UNCONTROLLED RELATED/ANALYTICAL TITLE
Uncontrolled related/analytical title NEHA certified professional food manager.
906 ## - LOCAL DATA ELEMENT F, LDF (RLIN)
a 7
b cbc
c copycat
d 2
e ncip
f 20
g y-gencatlg
942 ## - ADDED ENTRY ELEMENTS (KOHA)
Source of classification or shelving scheme
Item type Books
Holdings
Withdrawn status Lost status Source of classification or shelving scheme Damaged status Not for loan Collection code Permanent location Current location Shelving location Date acquired Total Checkouts Full call number Barcode Date last seen Price effective from Koha item type
          Koleksioni i përgjithshem UBT - Lipjan UBT - Lipjan Koleksioni i përgjithshem 03/08/2018   338.190973 FDA 002-3001064 03/08/2018 03/08/2018 Books
          Koleksioni i përgjithshem UBT - Lipjan UBT - Lipjan Koleksioni i përgjithshem 03/08/2018   338.190973 FDA 002-3001069 03/08/2018 03/08/2018 Books
          Koleksioni i përgjithshem UBT - Lipjan UBT - Lipjan Koleksioni i përgjithshem 03/08/2018   338.190973 FDA 002-3001074 03/08/2018 03/08/2018 Books
          Koleksioni i përgjithshem UBT - Lipjan UBT - Lipjan Koleksioni i përgjithshem 03/08/2018   338.190973 FDA 002-3001079 03/08/2018 03/08/2018 Books
          Koleksioni i përgjithshem UBT - Lipjan UBT - Lipjan Koleksioni i përgjithshem 03/08/2018   338.190973 FDA 002-3000833 03/08/2018 03/08/2018 Books
          Koleksioni i përgjithshem UBT - Lipjan UBT - Lipjan Koleksioni i përgjithshem 03/08/2018   338.190973 FDA 002-3000828 03/08/2018 03/08/2018 Books
          Koleksioni i përgjithshem UBT - Lipjan UBT - Lipjan Koleksioni i përgjithshem 03/08/2018   338.190973 FDA 002-3000823 03/08/2018 03/08/2018 Books
UBT Library © 2015-2024. All rights reserved University Education for Business and Technology